00512 2200169 4500001002100000005001500021035002000036007000300056008004100059020002200100082001100122084001700133100001700150245010200167260003500269300003800304INLIS00000000000040120201116082537 a0010-1120000016ta201116 0 ind  a978-979-662-585-7 a900.71 a900.71 RIR s0 aRirin Darini1 aSejarah Peminatan X :bBuku Siswa untuk SMA/MA Kelas X Peminatan Ilmu-ilmu Sosial /cRirin Darini aKlaten :bCempaka Putih,c2016 a276 hlm :bilus. ;c17.6 x 25 cm.